Monarcha do państwa - klikanie - Statystyki

Ogólne statystyki
  • Ten quiz został rozwiązany 23 razy
  • Średni wynik to 12 z 20
Statystyki odpowiedzi
Hint Odpowiedź % Poprawnych
Naruhito Japonia
87%
Karol XVI Gustaw Szwecja
87%
Leon XIV Watykan
87%
Harald V Norwegia
80%
Rama X Tajlandia
80%
Karol III Wielka Brytania
80%
Fryderyk X Dania
73%
Albert II Monako
73%
Filip I Belgia
67%
Tupou VI Tonga
67%
Letsie III Lesotho
60%
Jan Adam II Liechtenstein
60%
Wilhelm-Aleksander Holandia
53%
Mohamed VI Maroko
53%
Salman Arabia Saudyjska
47%
Hassanal Bolkiah Brunei
40%
Muhammad ibn Zajid Zjednoczone Emiraty Arabskie
40%
Hamad ibn Isa Bahrajn
27%
Hajsam ibn Tarik Oman
20%
Tamim ibn Hamad Katar
7%
Nie znaleziono quizów pasujących do podanych kryteriów
Rozkład punktacji
Procent ludzi z każdym wynikiem
Percentyl według liczby udzielonych odpowiedzi
Twoja historia wyników
Nie rozwiązałeś tego quizu